000 00759cab a2200181 4500
001 ##L134098
008 060710n2006 000 0 eng u
035 _a(Sirsi) u134098
041 0 _aeng
100 1 _aJansen, Mark
245 0 0 _aCut to the chase
260 _c2006
490 0 _aProperty Week
_v71(27) 7 July 2006, 56-59(4)
520 _aPresents an interview with the new RICS President, Graham Chase. Four new surveyors ask the questions. Includes replies on general surveying topics such as regulating estate agents and improving the planning system, as well as advice to new surveyors about managing their careers.
590 _aIKA180706
690 _aABOUT RICS-RICS STRUCTURE AND GOVERNANCE-RICS SENIOR OFFICERS-RICS PRESIDENT
942 _n0
999 _c77369
_d77369